| 000 | 00672cam a22002294a 4500 | ||
|---|---|---|---|
| 008 | |||
| 020 | _a0750671491 (pbk. ) | ||
| 049 | _aMAIN | ||
| 090 |
_aTK9965 _bSIN |
||
| 100 | 1 | _aSingmin, Andrew. | |
| 245 | 1 | 0 |
_aPractical audio amplifier circuit projects / _cAndrew Singmin. |
| 260 |
_aBoston : _bNewnes, _c2000. |
||
| 300 |
_ax, 146 p. : _bill. ; _c24 cm. |
||
| 500 | _aIncludes index. | ||
| 650 | 0 |
_aElectronics _vAmateurs' manuals. |
|
| 650 | 0 |
_aAudio amplifiers _vAmateurs' manuals. |
|
| 907 |
_a.b10318628 _b24-05-13 _c21-09-12 |
||
| 003 | |||
| 005 | 20230123125449.0 | ||
| 040 | _cNUST | ||
| 942 |
_cBOOKS _kTK9965 _mSIN |
||
| 999 |
_c141947 _d141947 |
||